Impostor Flags Among Us! - Statistics

General Stats
  • This quiz has been taken 31 times
  • The average score is 4 of 15
Answer Stats
Question Answer % Correct
Where's the fake Azerbaijan?
81%
Where's the fake Malta?
54%
Where's the fake Montenegro?
35%
Where's the fake Iran?
27%
Where's the fake Nicaragua?
27%
Where's the fake Slovenia?
27%
Where's the fake Uganda?
27%
Where's the fake Dominica?
23%
Where's the fake Ecuador?
23%
Where's the fake El Salvador?
23%
Where's the fake Oman?
23%
Where's the fake Belize?
19%
Where's the fake Portugal?
15%
Where's the fake San Marino?
15%
Where's the fake United States?
8%
No matching quizzes found
Score Distribution
Percent of People with Each Score
Percentile by Number Answered
Your Score History
You have not taken this quiz